<?xml version="1.0" encoding="UTF-8"?>
<marc:record xmlns:marc="http://www.loc.gov/MARC21/slim" type="Bibliographic">
   <marc:leader>00000pam a2200000 c 4500</marc:leader>
   <marc:controlfield tag="001">1077997663</marc:controlfield>
   <marc:controlfield tag="003">DE-101</marc:controlfield>
   <marc:controlfield tag="005">20171202140249.0</marc:controlfield>
   <marc:controlfield tag="007">tu</marc:controlfield>
   <marc:controlfield tag="008">151026s2016    gw ||||| |||| 00||||ger  </marc:controlfield>
   <marc:datafield ind1=" " ind2=" " tag="015">
      <marc:subfield code="a">17,A30</marc:subfield>
      <marc:subfield code="z">15,N45</marc:subfield>
      <marc:subfield code="2">dnb</marc:subfield>
   </marc:datafield>
   <marc:datafield ind1="7" ind2=" " tag="016">
      <marc:subfield code="2">DE-101</marc:subfield>
      <marc:subfield code="a">1077997663</marc:subfield>
   </marc:datafield>
   <marc:datafield ind1=" " ind2=" " tag="020">
      <marc:subfield code="a">9783737353601</marc:subfield>
      <marc:subfield code="c">Festeinband : EUR 15.50 (AT), EUR 14.99 (DE)</marc:subfield>
      <marc:subfield code="9">978-3-7373-5360-1</marc:subfield>
   </marc:datafield>
   <marc:datafield ind1=" " ind2=" " tag="020">
      <marc:subfield code="a">3737353603</marc:subfield>
      <marc:subfield code="9">3-7373-5360-3</marc:subfield>
   </marc:datafield>
   <marc:datafield ind1="3" ind2=" " tag="024">
      <marc:subfield code="a">9783737353601</marc:subfield>
   </marc:datafield>
   <marc:datafield ind1=" " ind2=" " tag="035">
      <marc:subfield code="a">(DE-599)DNB1077997663</marc:subfield>
   </marc:datafield>
   <marc:datafield ind1=" " ind2=" " tag="035">
      <marc:subfield code="a">(OCoLC)927837788</marc:subfield>
   </marc:datafield>
   <marc:datafield ind1=" " ind2=" " tag="040">
      <marc:subfield code="a">1245</marc:subfield>
      <marc:subfield code="b">ger</marc:subfield>
      <marc:subfield code="c">DE-101</marc:subfield>
      <marc:subfield code="d">9999</marc:subfield>
      <marc:subfield code="e">rda</marc:subfield>
   </marc:datafield>
   <marc:datafield ind1=" " ind2=" " tag="041">
      <marc:subfield code="a">ger</marc:subfield>
      <marc:subfield code="h">por</marc:subfield>
   </marc:datafield>
   <marc:datafield ind1=" " ind2=" " tag="044">
      <marc:subfield code="c">XA-DE-HE</marc:subfield>
   </marc:datafield>
   <marc:datafield ind1="7" ind2="4" tag="082">
      <marc:subfield code="a">K</marc:subfield>
      <marc:subfield code="q">DE-101</marc:subfield>
      <marc:subfield code="2">23sdnb</marc:subfield>
   </marc:datafield>
   <marc:datafield ind1=" " ind2=" " tag="090">
      <marc:subfield code="a">b</marc:subfield>
   </marc:datafield>
   <marc:datafield ind1="1" ind2=" " tag="100">
      <marc:subfield code="0">(DE-588)1084652382</marc:subfield>
      <marc:subfield code="0">http://d-nb.info/gnd/1084652382</marc:subfield>
      <marc:subfield code="0">(DE-101)1084652382</marc:subfield>
      <marc:subfield code="a">Almeida, Carla Maia &#x98;de&#x9c;</marc:subfield>
      <marc:subfield code="d">1969-</marc:subfield>
      <marc:subfield code="e">Verfasser</marc:subfield>
      <marc:subfield code="4">aut</marc:subfield>
   </marc:datafield>
   <marc:datafield ind1="1" ind2="0" tag="240">
      <marc:subfield code="a">Irmão lobo</marc:subfield>
   </marc:datafield>
   <marc:datafield ind1="0" ind2="0" tag="245">
      <marc:subfield code="a">Bruder Wolf</marc:subfield>
      <marc:subfield code="c">Carla Cristina Maia de Almeida ; aus dem Portugiesischen von Claudia Stein ; mit Illustrationen von António Jorge Gonçalves</marc:subfield>
   </marc:datafield>
   <marc:datafield ind1=" " ind2=" " tag="250">
      <marc:subfield code="a">[1. Aufl.]</marc:subfield>
   </marc:datafield>
   <marc:datafield ind1=" " ind2=" " tag="259">
      <marc:subfield code="a">11</marc:subfield>
   </marc:datafield>
   <marc:datafield ind1=" " ind2="1" tag="264">
      <marc:subfield code="a">Frankfurt am Main</marc:subfield>
      <marc:subfield code="b">Fischer Sauerländer</marc:subfield>
      <marc:subfield code="c">2016</marc:subfield>
   </marc:datafield>
   <marc:datafield ind1=" " ind2=" " tag="300">
      <marc:subfield code="a">172 Seiten</marc:subfield>
      <marc:subfield code="b">Illustrationen</marc:subfield>
      <marc:subfield code="c">22 cm</marc:subfield>
   </marc:datafield>
   <marc:datafield ind1=" " ind2=" " tag="336">
      <marc:subfield code="a">Text</marc:subfield>
      <marc:subfield code="b">txt</marc:subfield>
      <marc:subfield code="2">rdacontent</marc:subfield>
   </marc:datafield>
   <marc:datafield ind1=" " ind2=" " tag="337">
      <marc:subfield code="a">ohne Hilfsmittel zu benutzen</marc:subfield>
      <marc:subfield code="b">n</marc:subfield>
      <marc:subfield code="2">rdamedia</marc:subfield>
   </marc:datafield>
   <marc:datafield ind1=" " ind2=" " tag="338">
      <marc:subfield code="a">Band</marc:subfield>
      <marc:subfield code="b">nc</marc:subfield>
      <marc:subfield code="2">rdacarrier</marc:subfield>
   </marc:datafield>
   <marc:datafield ind1=" " ind2=" " tag="385">
      <marc:subfield code="0">(DE-588)4028859-6</marc:subfield>
      <marc:subfield code="0">http://d-nb.info/gnd/4028859-6</marc:subfield>
      <marc:subfield code="0">(DE-101)040288595</marc:subfield>
      <marc:subfield code="a">Jugend</marc:subfield>
      <marc:subfield code="2">gnd</marc:subfield>
   </marc:datafield>
   <marc:datafield ind1=" " ind2="7" tag="650">
      <marc:subfield code="0">(DE-588)4016397-0</marc:subfield>
      <marc:subfield code="0">http://d-nb.info/gnd/4016397-0</marc:subfield>
      <marc:subfield code="0">(DE-101)040163970</marc:subfield>
      <marc:subfield code="a">Familie</marc:subfield>
      <marc:subfield code="2">gnd</marc:subfield>
   </marc:datafield>
   <marc:datafield ind1=" " ind2="7" tag="650">
      <marc:subfield code="0">(DE-588)4201941-2</marc:subfield>
      <marc:subfield code="0">http://d-nb.info/gnd/4201941-2</marc:subfield>
      <marc:subfield code="0">(DE-101)042019419</marc:subfield>
      <marc:subfield code="a">Sozialer Abstieg</marc:subfield>
      <marc:subfield code="2">gnd</marc:subfield>
   </marc:datafield>
   <marc:datafield ind1=" " ind2="7" tag="650">
      <marc:subfield code="0">(DE-588)4062386-5</marc:subfield>
      <marc:subfield code="0">http://d-nb.info/gnd/4062386-5</marc:subfield>
      <marc:subfield code="0">(DE-101)040623866</marc:subfield>
      <marc:subfield code="a">Vater</marc:subfield>
      <marc:subfield code="2">gnd</marc:subfield>
   </marc:datafield>
   <marc:datafield ind1=" " ind2="7" tag="650">
      <marc:subfield code="0">(DE-588)4186560-1</marc:subfield>
      <marc:subfield code="0">http://d-nb.info/gnd/4186560-1</marc:subfield>
      <marc:subfield code="0">(DE-101)04186560X</marc:subfield>
      <marc:subfield code="a">Überforderung</marc:subfield>
      <marc:subfield code="2">gnd</marc:subfield>
   </marc:datafield>
   <marc:datafield ind1=" " ind2="7" tag="650">
      <marc:subfield code="0">(DE-588)4062386-5</marc:subfield>
      <marc:subfield code="0">http://d-nb.info/gnd/4062386-5</marc:subfield>
      <marc:subfield code="0">(DE-101)040623866</marc:subfield>
      <marc:subfield code="a">Vater</marc:subfield>
      <marc:subfield code="2">gnd</marc:subfield>
   </marc:datafield>
   <marc:datafield ind1=" " ind2="7" tag="650">
      <marc:subfield code="0">(DE-588)4060290-4</marc:subfield>
      <marc:subfield code="0">http://d-nb.info/gnd/4060290-4</marc:subfield>
      <marc:subfield code="0">(DE-101)040602907</marc:subfield>
      <marc:subfield code="a">Tochter</marc:subfield>
      <marc:subfield code="2">gnd</marc:subfield>
   </marc:datafield>
   <marc:datafield ind1=" " ind2="7" tag="650">
      <marc:subfield code="0">(DE-588)4129116-5</marc:subfield>
      <marc:subfield code="0">http://d-nb.info/gnd/4129116-5</marc:subfield>
      <marc:subfield code="0">(DE-101)041291166</marc:subfield>
      <marc:subfield code="a">Expedition</marc:subfield>
      <marc:subfield code="2">gnd</marc:subfield>
   </marc:datafield>
   <marc:datafield ind1=" " ind2="7" tag="650">
      <marc:subfield code="0">(DE-588)4113788-7</marc:subfield>
      <marc:subfield code="0">http://d-nb.info/gnd/4113788-7</marc:subfield>
      <marc:subfield code="0">(DE-101)041137884</marc:subfield>
      <marc:subfield code="a">Grenzsituation</marc:subfield>
      <marc:subfield code="2">gnd</marc:subfield>
   </marc:datafield>
   <marc:datafield ind1=" " ind2="7" tag="651">
      <marc:subfield code="0">(DE-588)4046843-4</marc:subfield>
      <marc:subfield code="0">http://d-nb.info/gnd/4046843-4</marc:subfield>
      <marc:subfield code="0">(DE-101)040468437</marc:subfield>
      <marc:subfield code="a">Portugal</marc:subfield>
      <marc:subfield code="2">gnd</marc:subfield>
   </marc:datafield>
   <marc:datafield ind1=" " ind2="7" tag="651">
      <marc:subfield code="0">(DE-588)4046843-4</marc:subfield>
      <marc:subfield code="0">http://d-nb.info/gnd/4046843-4</marc:subfield>
      <marc:subfield code="0">(DE-101)040468437</marc:subfield>
      <marc:subfield code="a">Portugal</marc:subfield>
      <marc:subfield code="2">gnd</marc:subfield>
   </marc:datafield>
   <marc:datafield ind1=" " ind2=" " tag="653">
      <marc:subfield code="a">(Produktform)Hardback</marc:subfield>
   </marc:datafield>
   <marc:datafield ind1=" " ind2=" " tag="653">
      <marc:subfield code="a">(Lesealter)ab 12 Jahre bis 99 Jahre</marc:subfield>
   </marc:datafield>
   <marc:datafield ind1=" " ind2=" " tag="653">
      <marc:subfield code="a">(Produktform (spezifisch))With printed dust jacket</marc:subfield>
   </marc:datafield>
   <marc:datafield ind1=" " ind2=" " tag="653">
      <marc:subfield code="a">(VLB-WN)1260: Hardcover, Softcover / Kinder- und Jugendbücher/Jugendbücher ab 12 Jahre</marc:subfield>
   </marc:datafield>
   <marc:datafield ind1=" " ind2="7" tag="655">
      <marc:subfield code="0">(DE-588)4306252-0</marc:subfield>
      <marc:subfield code="0">http://d-nb.info/gnd/4306252-0</marc:subfield>
      <marc:subfield code="0">(DE-101)043062520</marc:subfield>
      <marc:subfield code="a">Jugendbuch</marc:subfield>
      <marc:subfield code="2">gnd-content</marc:subfield>
   </marc:datafield>
   <marc:datafield ind1=" " ind2="7" tag="655">
      <marc:subfield code="0">(DE-101)101071841X</marc:subfield>
      <marc:subfield code="a">Jugendbücher ab 12 Jahre</marc:subfield>
      <marc:subfield code="2">gatbeg</marc:subfield>
   </marc:datafield>
   <marc:datafield ind1="0" ind2="0" tag="689">
      <marc:subfield code="0">(DE-588)4046843-4</marc:subfield>
      <marc:subfield code="0">http://d-nb.info/gnd/4046843-4</marc:subfield>
      <marc:subfield code="0">(DE-101)040468437</marc:subfield>
      <marc:subfield code="D">g</marc:subfield>
      <marc:subfield code="a">Portugal</marc:subfield>
   </marc:datafield>
   <marc:datafield ind1="0" ind2="1" tag="689">
      <marc:subfield code="0">(DE-588)4016397-0</marc:subfield>
      <marc:subfield code="0">http://d-nb.info/gnd/4016397-0</marc:subfield>
      <marc:subfield code="0">(DE-101)040163970</marc:subfield>
      <marc:subfield code="D">s</marc:subfield>
      <marc:subfield code="a">Familie</marc:subfield>
   </marc:datafield>
   <marc:datafield ind1="0" ind2="2" tag="689">
      <marc:subfield code="0">(DE-588)4201941-2</marc:subfield>
      <marc:subfield code="0">http://d-nb.info/gnd/4201941-2</marc:subfield>
      <marc:subfield code="0">(DE-101)042019419</marc:subfield>
      <marc:subfield code="D">s</marc:subfield>
      <marc:subfield code="a">Sozialer Abstieg</marc:subfield>
   </marc:datafield>
   <marc:datafield ind1="0" ind2="3" tag="689">
      <marc:subfield code="0">(DE-588)4062386-5</marc:subfield>
      <marc:subfield code="0">http://d-nb.info/gnd/4062386-5</marc:subfield>
      <marc:subfield code="0">(DE-101)040623866</marc:subfield>
      <marc:subfield code="D">s</marc:subfield>
      <marc:subfield code="a">Vater</marc:subfield>
   </marc:datafield>
   <marc:datafield ind1="0" ind2="4" tag="689">
      <marc:subfield code="0">(DE-588)4186560-1</marc:subfield>
      <marc:subfield code="0">http://d-nb.info/gnd/4186560-1</marc:subfield>
      <marc:subfield code="0">(DE-101)04186560X</marc:subfield>
      <marc:subfield code="D">s</marc:subfield>
      <marc:subfield code="a">Überforderung</marc:subfield>
   </marc:datafield>
   <marc:datafield ind1="0" ind2=" " tag="689">
      <marc:subfield code="5">DE-101</marc:subfield>
      <marc:subfield code="5">DE-101</marc:subfield>
   </marc:datafield>
   <marc:datafield ind1="1" ind2="0" tag="689">
      <marc:subfield code="0">(DE-588)4046843-4</marc:subfield>
      <marc:subfield code="0">http://d-nb.info/gnd/4046843-4</marc:subfield>
      <marc:subfield code="0">(DE-101)040468437</marc:subfield>
      <marc:subfield code="D">g</marc:subfield>
      <marc:subfield code="a">Portugal</marc:subfield>
   </marc:datafield>
   <marc:datafield ind1="1" ind2="1" tag="689">
      <marc:subfield code="0">(DE-588)4062386-5</marc:subfield>
      <marc:subfield code="0">http://d-nb.info/gnd/4062386-5</marc:subfield>
      <marc:subfield code="0">(DE-101)040623866</marc:subfield>
      <marc:subfield code="D">s</marc:subfield>
      <marc:subfield code="a">Vater</marc:subfield>
   </marc:datafield>
   <marc:datafield ind1="1" ind2="2" tag="689">
      <marc:subfield code="0">(DE-588)4060290-4</marc:subfield>
      <marc:subfield code="0">http://d-nb.info/gnd/4060290-4</marc:subfield>
      <marc:subfield code="0">(DE-101)040602907</marc:subfield>
      <marc:subfield code="D">s</marc:subfield>
      <marc:subfield code="a">Tochter</marc:subfield>
   </marc:datafield>
   <marc:datafield ind1="1" ind2="3" tag="689">
      <marc:subfield code="0">(DE-588)4129116-5</marc:subfield>
      <marc:subfield code="0">http://d-nb.info/gnd/4129116-5</marc:subfield>
      <marc:subfield code="0">(DE-101)041291166</marc:subfield>
      <marc:subfield code="D">s</marc:subfield>
      <marc:subfield code="a">Expedition</marc:subfield>
   </marc:datafield>
   <marc:datafield ind1="1" ind2="4" tag="689">
      <marc:subfield code="0">(DE-588)4113788-7</marc:subfield>
      <marc:subfield code="0">http://d-nb.info/gnd/4113788-7</marc:subfield>
      <marc:subfield code="0">(DE-101)041137884</marc:subfield>
      <marc:subfield code="D">s</marc:subfield>
      <marc:subfield code="a">Grenzsituation</marc:subfield>
   </marc:datafield>
   <marc:datafield ind1="1" ind2=" " tag="689">
      <marc:subfield code="5">DE-101</marc:subfield>
      <marc:subfield code="5">DE-101</marc:subfield>
   </marc:datafield>
   <marc:datafield ind1="1" ind2=" " tag="700">
      <marc:subfield code="0">(DE-588)173915973</marc:subfield>
      <marc:subfield code="0">http://d-nb.info/gnd/173915973</marc:subfield>
      <marc:subfield code="0">(DE-101)173915973</marc:subfield>
      <marc:subfield code="a">Stein, Claudia</marc:subfield>
      <marc:subfield code="d">1966-</marc:subfield>
      <marc:subfield code="e">Übersetzer</marc:subfield>
      <marc:subfield code="4">trl</marc:subfield>
   </marc:datafield>
   <marc:datafield ind1="1" ind2=" " tag="700">
      <marc:subfield code="0">(DE-588)1088337562</marc:subfield>
      <marc:subfield code="0">http://d-nb.info/gnd/1088337562</marc:subfield>
      <marc:subfield code="0">(DE-101)1088337562</marc:subfield>
      <marc:subfield code="a">Gonçalves, Jorge António</marc:subfield>
      <marc:subfield code="e">Illustrator</marc:subfield>
      <marc:subfield code="4">ill</marc:subfield>
   </marc:datafield>
   <marc:datafield ind1="2" ind2=" " tag="710">
      <marc:subfield code="0">(DE-588)1065702655</marc:subfield>
      <marc:subfield code="0">http://d-nb.info/gnd/1065702655</marc:subfield>
      <marc:subfield code="0">(DE-101)1065702655</marc:subfield>
      <marc:subfield code="a">FISCHER Sauerländer</marc:subfield>
      <marc:subfield code="e">Verlag</marc:subfield>
      <marc:subfield code="4">pbl</marc:subfield>
   </marc:datafield>
   <marc:datafield ind1=" " ind2=" " tag="850">
      <marc:subfield code="a">DE-101a</marc:subfield>
      <marc:subfield code="a">DE-101b</marc:subfield>
   </marc:datafield>
   <marc:datafield ind1="4" ind2="2" tag="856">
      <marc:subfield code="m">X:MVB</marc:subfield>
      <marc:subfield code="q">text/html</marc:subfield>
      <marc:subfield code="u">http://deposit.dnb.de/cgi-bin/dokserv?id=1e6952d473024768adfc6d7d7ac6cfdf&amp;prov=M&amp;dok_var=1&amp;dok_ext=htm</marc:subfield>
      <marc:subfield code="3">Inhaltstext</marc:subfield>
   </marc:datafield>
   <marc:datafield ind1="r" ind2=" " tag="925">
      <marc:subfield code="a">ra</marc:subfield>
   </marc:datafield>
</marc:record>
